000 00538nam a2200181 a 4500
005 20140310183518.0
008 110201s19uu xx 00 eng d
020 _a9788122310801
050 _aP 90
_b.B295 2009
100 _aRoy, Barun
245 _aEnter the world of mass media :
_bprint media, television, internet , radio /
_cRoy Barun.
260 _aNew Delhi, India :
_bPustak Mahal,
_c2009.
300 _a263 p. :
_bill. ;
_c21 cm.
521 _aMC
650 _aMass media-History.
942 _cBK
_2lcc
_kFOR
999 _c24333
_d24333